| 000 | 02572nab a2200313 i 4500 | ||
|---|---|---|---|
| 003 | BR-BrBNA | ||
| 005 | 20250106135159.0 | ||
| 008 | 250106b2016 bl.|r|pooa||| 00| 0 por | | ||
| 040 |
_aBR-BrBNA _bpor |
||
| 072 |
_aL70 _b5100 |
||
| 100 | _aFantini, P. | ||
| 100 | _aPalhares, M.S. | ||
| 100 | _aPrades, M. | ||
| 100 | _aMacedo, V.C. | ||
| 100 | _aSilva Filho, J.M. | ||
| 100 | _aLeme, F.O.P. | ||
| 100 | _aCarmona, J.U. | ||
| 245 | _aCriopreservação do plasma rico em plaquetas de equinos | ||
| 500 | _a Publicação on line; 33 ref.; 4 tables; Summaries (En, Pt) | ||
| 520 | _a RESUMO - Avaliou-se o congelamento do plasma rico em plaquetas (PRP) de equinos, a -196ºC em nitrogênio líquido, utilizando-se como crioprotetor o DMSO em duas concentrações (3% e 6%), e, como ponto final, a avaliação da morfologia e da agregometria plaquetária. Foram utilizadas 12 amostras de PRP em duas repetições. Previamente ao congelamento, as amostras foram submetidas a um resfriamento lento (- 0,07ºC/minuto) até a temperatura final de 4-5ºC. A criopreservação do PRP equino, incluindo um resfriamento lento a 4-5ºC, previamente ao congelamento a -197ºC em nitrogênio líquido, foi similar para as concentrações do crioprotetor DMSO a 3% ou 6%, quando avaliado o percentual de ativação e de agregação plaquetária. . Palavras-chave: equino, plasma rico em plaquetas (PRP), criopreservação, DMSO | ||
| 520 | _a ABSTRACT - Equine platelet-rich plasma (PRP) frozen at -196°C in liquid nitrogen using DMSO as a cryoprotectant in two different concentrations (3% and 6%) was evaluated, using platelet morphology and aggregometry as the final parameters. Twelve PRP samples were used in two repetitions. The samples were submitted to slow cooling prior to frozen (-0.07°C/minute) until they reached the temperature of 4-5°C. Platelet cryopreserved in 3% or 6% DMSO, presented similar efficacy when the percentage of activation and platelet aggregation was evaluated. Keywords: Equine, platelet-rich plasma (PRP), cryopreservation, DMSO | ||
| 650 | _aEQUINO | ||
| 650 | _aCRIOPRESERVAÇÃO | ||
| 650 | _aVETERINÁRIA | ||
| 773 | 0 |
_01643 _9347389 _dBelo Horizonte-MG Universidade Federal de Minas Gerais - Escola de Veterinaria 1983 _o2024-8402 _tArquivo Brasileiro de Medicina Veterinária e Zootecnia (Brazil) _x0102-0935 _gv. 68(1) p. 73-81; (2016) _wBR2024004296 |
|
| 856 | _uhttps://www.scielo.br/j/abmvz/a/RwnZ3rxL8fKcGXxmN7cQ57B/?format=pdf&lang=pt | ||
| 942 | _cANA | ||
| 999 |
_c329503 _d329503 |
||